000 01710cam a22005054i 4500
003 PE-LiUPU
005 20250731165629.0
008 150616s r 000 0 d
035 _a(Sirsi) a6310
035 _a(Sirsi) a6310
040 _aPE-LiUPU
_bspa
_cPE-LiUPU
_erda
049 _aPRUA
082 0 4 _a225.7
_bC73
_221
100 1 _aComfort, Philip Wesley,
_eautor.
245 1 4 _aThe Quest for the Original Tex of the New Testament /
_cPhilip Wesley Comfort.
264 1 _aGrand Rapids, Michigan :
_bBaker Book House,
_c1992.
300 _a200 páginas ;
_c22 cm.
336 _atext
_2rdacontent
337 _aunmediated
_2rdamedia
338 _avolume
_2rdacarrier
504 _anotas bibliográficas.
505 0 _aBiblia nuevo testamento.
526 _aSEG44
526 _aSEG26
526 _aP151
526 _aP150
526 _aP149
526 _aP146
526 _aP145
526 _aP126
526 _aP125
526 _aP92
526 _aP75
526 _aP74
526 _aP27
526 _aP15
630 _aBiblia.
_pN.T.
_xCrítica, interpretación, etc.
910 _ajck
_bjvq
_cjck
942 _2ddc
_cBOOK
949 _aRC 225.7 C73
_wDEWEY
_c1
_i39782
_lRC
_mBUL
_r0
_sY
_tBOOK
_u2015-6-16
_xTEOLOGIA
_zUNKNOWN
_0COMPRA
_o.CIRCNOTE. No olvidar cambiar la fecha de devolución!!!!!!!
_o.STAFF. Colección General
994 _aC0
_bPEPRU
596 _a1
999 _aRC 225.7 C73
_wDEWEY
_c57430
_i39782
_f2021-11-8
_g6
_lCCODEBUL1
_mBUL
_r1
_sY
_tBOOK
_u2015-6-16
_xTEOLOGIA
_zUNKNOWN
_0COMPRA
_o.CIRCNOTE. No olvidar cambiar la fecha de devolución!!!!!!!
_o.STAFF. Colección General
_d57430
980 _81
_gALBERTO SANCHEZ Responsable de Automatización